Mahabharata/ (Record no. 159513)
[ view plain ]
| 000 -LEADER | |
|---|---|
| fixed length control field | 00520nam a22001817a 4500 |
| 010 ## - LCCN (DPL NO) | |
| LC control number | B-78195 |
| 020 ## - INTERNATIONAL STANDARD BOOK NUMBER | |
| Terms of availability | 95.00 |
| 035 ## - SYSTEM CONTROL NUMBER | |
| System control number | B-78195 |
| 037 ## - SOURCE OF ACQUISITION | |
| Stock number | DBAD/PUB |
| Source of stock number/acquisition | bhartiya vidya bhavan |
| 082 ## - DEWEY DECIMAL CLASSIFICATION NUMBER | |
| Edition number | 2002 |
| Classification number | 230.1 |
| 100 ## - MAIN ENTRY--PERSONAL NAME | |
| Personal name | Rajagopalchari c. |
| 245 ## - TITLE STATEMENT | |
| Title | Mahabharata/ |
| Statement of responsibility, etc | Rajagopalchari c. |
| Medium | english |
| 250 ## - EDITION STATEMENT | |
| Edition statement | 2002 |
| 260 ## - PUBLICATION, DISTRIBUTION, ETC. (IMPRINT) | |
| Place of publication, distribution, etc | bombay |
| Name of publisher, distributor, etc | bhartiya vidya bhavan |
| Date of publication, distribution, etc | 2002 |
| 300 ## - PHYSICAL DESCRIPTION | |
| Extent | 483 page |
| Dimensions | 18 c.m pbk |
| 700 ## - ADDED ENTRY--PERSONAL NAME | |
| Personal name | Rajagopalchari c. |
| 942 ## - ADDED ENTRY ELEMENTS (KOHA) | |
| Source of classification or shelving scheme | Dewey Decimal Classification |
| Item type | English Books |
| Edition | 2002 |
| Classification part | 230.1 |
| Call number prefix | raj |
| Call number suffix | Rajagopalchari c. |
| Withdrawn status | Lost status | Not for loan | Collection code | Home library | Current library | Date acquired | Source of acquisition | Cost, normal purchase price | Full call number | Barcode | Cost, replacement price | Koha item type |
|---|---|---|---|---|---|---|---|---|---|---|---|---|
| Non-fiction | Sarojini Nagar | Sarojini Nagar | 20/12/2018 | Bhartiya vidya bhavan | 95.00 | 230.1 Rajagopalchari c. | B-78195 | 95.00 | English Books |
